|
|
|
|
| LEADER |
00000nam2a2200000 4500 |
| 001 |
291179 |
| 005 |
20231102000348.0 |
| 020 |
|
|
|a RU
|b 83-65388ж
|
| 035 |
|
|
|a (RuTPU)RU\TPU\book\315744
|
| 090 |
|
|
|a 291179
|
| 100 |
|
|
|a 20150413d1983 k y0rusy5003 ca
|
| 101 |
0 |
|
|a rus
|
| 102 |
|
|
|a UA
|
| 105 |
|
|
|a a z 001zy
|
| 200 |
0 |
|
|a Вып. 19
|f отв. ред. Ю. С. Липатов
|
| 210 |
|
|
|d 1983
|
| 215 |
|
|
|a 79 с.
|c ил.
|
| 320 |
|
|
|a Библиогр. в конце ст.
|
| 461 |
|
1 |
|0 (RuTPU)RU\TPU\book\143378
|t Композиционные полимерные материалы
|o республиканский межведомственный сборник научных трудов
|f Академия наук Украинской ССР (АН УССР), Институт химии высокомолекулярных соединений (ИХВС)
|v Вып. 19
|d 1979-1991
|
| 606 |
1 |
|
|a Полимерные материалы
|2 stltpush
|3 (RuTPU)RU\TPU\subj\68289
|9 83717
|
| 606 |
1 |
|
|a Композиционные материалы полимерные
|2 stltpush
|3 (RuTPU)RU\TPU\subj\15051
|9 41349
|
| 610 |
1 |
|
|a физикохимия
|
| 610 |
1 |
|
|a наполнители
|
| 610 |
1 |
|
|a пластификаторы
|
| 610 |
1 |
|
|a структурообразование
|
| 610 |
1 |
|
|a молекулярная подвижность
|
| 610 |
1 |
|
|a адгезионный контакт
|
| 610 |
1 |
|
|a межфазные слои
|
| 610 |
1 |
|
|a прочность
|
| 610 |
1 |
|
|a модификации
|
| 675 |
|
|
|a 678
|z rus
|v 3
|
| 675 |
|
|
|a 620.22-419.8
|z rus
|v 3
|
| 702 |
|
1 |
|a Липатов
|b Ю. С.
|g Юрий Сергеевич
|4 340
|
| 801 |
|
0 |
|a RU
|b RuMRKP
|c 19950704
|g psbo
|
| 801 |
|
1 |
|a RU
|b 63413507
|c 20150413
|
| 801 |
|
2 |
|a RU
|b 63413507
|c 20180507
|g RCR
|
| 942 |
|
|
|c BK
|